An investigation into the comparability of two tests of English as a foreign language (Record no. 6659)
[ view plain ]
| 000 -LEADER | |
|---|---|
| fixed length control field | 01190nam a2200205za 4500 |
| 020 ## - INTERNATIONAL STANDARD BOOK NUMBER | |
| ISBN | 9780521484671 |
| 022 ## - INTERNATIONAL STANDARD SERIAL NUMBER | |
| ISSN | 0521484677 |
| 050 ## - CALL NUMBER | |
| Classification number | PE1128 |
| Item number | .B12 |
| 100 ## - AUTHOR | |
| Personal name | Bachman Lyle F. |
| 245 ## - TITLE | |
| Title | An investigation into the comparability of two tests of English as a foreign language |
| Statement of responsibility, etc | Lyle F. Bachman [and others] ; with an introduction by Bernard Spolsky. |
| 260 ## - PUBLICATION INFORMATION | |
| Place of publication | Cambridge : |
| Name of publisher | Cambridge University Press: |
| Year of publication | 1995 |
| 300 ## - DESCRIPTION | |
| Number of Pages | xv, 228 pages : |
| Dimensions | 24 cm |
| 440 ## - SERIES | |
| SERIES | Studies in language testing, 1 |
| 500 ## - NOTES | |
| General note | Includes index |
| 505 ## - FORMATTED CONTENTS NOTE | |
| Table of Content | Introduction: A not-too-special relationship --<br/>Chapter 1 Overview of the study --<br/>Chapter 2 Study procedures and sample characteristics --<br/>Chapter 3 Reliability of the two test batteries --<br/>Chapter 4 Comparability of abilities measured --<br/>Chapter 5 Effect of test preparation on test performance --<br/>Chapter 6 Interchangeability of FCE and ETS test scores --<br/>Chapter 7 Test content analysis --<br/>Chapter 8 Implications and recommendations. |
| 650 ## - SUBJECTS | |
| Topical Term | English language -- Study and teaching -- Foreign speakers. |
| 650 ## - SUBJECTS | |
| Topical Term | Test of English as a Foreign Language. |
| 650 ## - SUBJECTS | |
| Topical Term | English language -- Examinations. |
| 942 ## - ADDED ENTRY ELEMENTS (KOHA) | |
| Koha item type | Books |
| Withdrawn status | Lost status | Collection code | Home library | Current library | Shelving location | Date acquired | Full call number | Accession Number | Koha item type |
|---|---|---|---|---|---|---|---|---|---|
| Reference | Methodist University Library Main | Methodist University Library Main | General Stacks | 07/12/1999 | PE1128 .B12 | 17699 | Books |